000 00593 a2200205 4500
020 _a9993363162
082 _a400 / B293 /CS
100 _aBasnet, Nil Bahadur
_921944
245 _aFundamentals of language and linguistics /
_cNil Bahadur Basnet.
250 _a4rth rev. ed.
260 _aKirtipur :
_bkshitiz Prakashan,
_c2010.
300 _axv, 301 p.
504 _aBibliopgraphy : p. 300-301
650 _aLinguistics
_zNepal.
_921945
650 _aLanguage
_zNepal.
_921946
650 _aPhonology.
_92916
650 _aSemantics.
650 _aPragmatics.
_921947
942 _2ddc
_cAS
999 _c60368
_d60356